Chuẩn bị cho sinh viên làm công tác giáo dục ở trường phổ thông Trích dịch
Các tài liệu của hội nghị khoa học chuyên đề tổ chức tại Minxk tháng 11 năm 1971 về vấn đề chuẩn bị cho sinh viên các trường đại học sư phạm và trường đại học tổng hợp làm công tác giáo dục ở trường phổ thông
Enregistré dans:
| Autres auteurs: | , |
|---|---|
| Format: | Livre |
| Langue: | Vietnamese |
| Publié: |
H.
Giáo dục
1980
|
| Sujets: | |
| Tags: |
Ajouter un tag
Pas de tags, Soyez le premier à ajouter un tag!
|
| Thư viện lưu trữ: | Mạng thư viện Đại học Đà Nẵng |
|---|
| LEADER | 01565nam a2200373 4500 | ||
|---|---|---|---|
| 001 | 000006254 | ||
| 003 | 2409 | ||
| 005 | 20110906090943.0 | ||
| 008 | 110906s1980 viesd | ||
| 020 | |c 10000đ | ||
| 041 | 0 | |a vie | |
| 082 | |a 373.24 |b Chu | ||
| 245 | 0 | |a Chuẩn bị cho sinh viên làm công tác giáo dục ở trường phổ thông |b Trích dịch |c N.I. Bônđưrep, X.A. Umreikô, E.I. Antipôva...; Nguyễn Đình Chỉnh dịch | |
| 260 | |a H. |b Giáo dục |c 1980 | ||
| 300 | |a 167 tr |c 19 cm | ||
| 520 | |a Các tài liệu của hội nghị khoa học chuyên đề tổ chức tại Minxk tháng 11 năm 1971 về vấn đề chuẩn bị cho sinh viên các trường đại học sư phạm và trường đại học tổng hợp làm công tác giáo dục ở trường phổ thông | ||
| 653 | |a Giáo dục học | ||
| 653 | |a tâm lí học | ||
| 653 | |a trường phổ thông | ||
| 653 | |a giáo trình | ||
| 653 | |a Liên Xô | ||
| 700 | |a Umreikô, X.A. |e Tác giả | ||
| 700 | |a Nguyễn Đình Chỉnh |e dịch | ||
| 910 | |a Nguyễn Thị Kim Oanh |d 06/09/2011 | ||
| OWN | |a LSP | ||
| AVA | |a UDN50 |b LSP |d 373.24 Chu |e available |t Error 5001 Not defined in file expand_doc_bib_avail. |f 2 |g 1 |h N |i 0 |k 1 | ||
| 999 | |a From the UDN01 | ||
| AVA | |a UDN50 |b LSP |d 373.24 Chu |e available |t Error 5001 Not defined in file expand_doc_bib_avail. |f 2 |g 1 |h N |i 0 |k 1 | ||
| TYP | |a Monograph | ||
| TYP | |a Printed language | ||
| 980 | |a Mạng thư viện Đại học Đà Nẵng | ||